A. WESLEY POWELL LEARNING RESOURCE CENTRE (WPLRC)

Wonderful Place to Learn, Research & Collaborate

The death of a President, November 20-November 25, 1963 / (Record no. 19140)

MARC details
000 -LEADER
fixed length control field 00877cam a2200277 a 4500
001 - ACCESSION NUMBER
control field 4104
003 - CONTROL NUMBER IDENTIFIER
control field OSt
005 - DATE AND TIME OF LATEST TRANSACTION
control field 20220803154321.0
008 - FIXED-LENGTH DATA ELEMENTS--GENERAL INFORMATION
fixed length control field 740514s1967 nyube 00110 eng
020 ## - INTERNATIONAL STANDARD BOOK NUMBER
International Standard Book Number 000
035 ## - SYSTEM CONTROL NUMBER
System control number 2473303
040 ## - CATALOGING SOURCE
Original cataloging agency DDC
Language of cataloging DDC
Modifying agency DDC
Transcribing agency DDC
050 00 - LIBRARY OF CONGRESS CALL NUMBER
Classification number E842.9
Item number .M28 1967
082 0# - DEWEY DECIMAL CLASSIFICATION NUMBER
Classification number 973.922/092
Edition number 20
100 1# - MAIN ENTRY--PERSONAL NAME
Dates associated with a name 1922-
245 14 - TITLE STATEMENT
Title The death of a President, November 20-November 25, 1963 /
Statement of responsibility, etc. by William Manchester.
260 ## - PUBLICATION, DISTRIBUTION, ETC. (IMPRINT)
Place of publication, distribution, etc. New York :
Name of publisher, distributor, etc. Harper & Row,
Date of publication, distribution, etc. 1967.
300 ## - PHYSICAL DESCRIPTION
Extent xvi, 710 p. :
Other physical details maps (some col.), plans ;
Dimensions 25 cm.
500 ## - GENERAL NOTE
General note Includes index.
504 ## - BIBLIOGRAPHY, ETC. NOTE
Bibliography, etc "Sources": p. 659-677.
600 10 - SUBJECT ADDED ENTRY--PERSONAL NAME
Personal name Kennedy, John F.
Fuller form of name (John Fitzgerald),
Dates associated with a name 1917-1963
General subdivision Assassination.
600 10 - SUBJECT ADDED ENTRY--PERSONAL NAME
Personal name Kennedy, John F.
Fuller form of name (John Fitzgerald),
Dates associated with a name 1917-1963
General subdivision Death and burial.
700 ## - ADDED ENTRY--PERSONAL NAME
Relator code William Manchester
942 ## - ADDED ENTRY ELEMENTS (KOHA)
Source of classification or shelving scheme Dewey Decimal Classification
Koha item type Circ Books
Holdings
Withdrawn status Lost status Source of classification or shelving scheme Damaged status Not for loan Home library Current library Date acquired Total Checkouts Full call number Barcode Date last seen Price effective from Koha item type
Withdrawn   Dewey Decimal Classification     Wesley Powell Learning Resource Centre Wesley Powell Learning Resource Centre 08/03/2022   364.1 MAN 4104 08/03/2022 08/03/2022 Circ Books